00677nam a2200181 a 450000100100000000500170001000800410002704000250006808200150009310000160010824501050012426001120022930000270034150000180036850000420038650400530042870000140048100001652120200929164926.0100308s1988 dr a 000 0 spa d aDO-SdBNPbspacBNPHU axxxbG216i1 aGacía, E.10aInforme del mapa geológico de la República Dominica :bsan juan (5972) /cE. García, F. Harms. aSanto Domingo :bSecretaría de Estado de Industria y Comercio :bDirección General de Minería,c1988. a97 p. :bil. ;c23 cm. aIncluye anexo aIncluye notas al pie de las páginas aIncluye referencias bibliográficas ( p. 91-97)1 aHarms, E.